USA states - Map Quiz - Statistics

General Stats
  • This quiz has been taken 11 times
    9 since last reset
  • The average score is 5 of 7
Answers on the Map
Answers color-coded by a green-red scale on the quiz's map according to % correct below.
 
Answer Stats
Answer % Correct
18b23e2201-450.webp
100%
1aeb89595e-450.webp
63%
5190e6de90-450.webp
63%
86945ec1d5-450.webp
63%
c0f25f91ea-450.webp
63%
0d5bc5ad3e-450.webp
50%
47765a562c-450.webp
50%
No matching quizzes found
Score Distribution
Percent of People with Each Score
Percentile by Number Answered
Your Score History
You have not taken this quiz since the last reset